Meat for men. (Record no. 14194)

000 -LEADER
fixed length control field 00552nam a2200181 a 4500
001 - CONTROL NUMBER
control field :::00012019$&:&@@
003 - CONTROL NUMBER IDENTIFIER
control field OkBaRHE
005 - DATE AND TIME OF LATEST TRANSACTION
control field 20000607103415.0
008 - FIXED-LENGTH DATA ELEMENTS--GENERAL INFORMATION
fixed length control field s1984 j 000 0 eng u
040 ## - CATALOGING SOURCE
Transcribing agency
100 1# - MAIN ENTRY--PERSONAL NAME
Personal name Ravenhill, Leonard.
245 10 - TITLE STATEMENT
Title Meat for men.
260 ## - PUBLICATION, DISTRIBUTION, ETC. (IMPRINT)
Place of publication, distribution, etc Minneapolis, MN., :
Name of publisher, distributor, etc Bethany House
Date of publication, distribution, etc 1984
300 ## - PHYSICAL DESCRIPTION
Extent 141 p. ;
Dimensions 20 cm.
650 ## - SUBJECT ADDED ENTRY--TOPICAL TERM
Topical term or geographic name as entry element Pentecostalism
General subdivision Addresses, Essays, Lectures
942 ## - ADDED ENTRY ELEMENTS (KOHA)
Source of classification or shelving scheme
Koha item type Books
Copies
Withdrawn status Koha item type Shelving location Date last seen Damaged status Copy number Full call number Permanent Location Source of classification or shelving scheme Lost status Date acquired Not for loan Barcode Price effective from
 BooksGeneral Stacks2010-04-14 1BX 8764 .Z6R5RHEMA Bible Training College  2010-04-14 120192010-04-14